Servicio de Extensión de Enseñanzas Técnicas : Editorial y Centro de Enseñanzas por Correspondencia Editorial y Centro de Enseñanzas por Correspondencia
Descripción Física:
13 p., [2] f. ; 22 cm
MARC
| LEADER | 00000nam a2200000Ia 4500 | ||
|---|---|---|---|
| 001 | 6129 | ||
| 008 | 160829s9999 xx 000 0 cat d | ||
| 080 | |a FU-5-62 | ||
| 100 | |a Servicio de Extensión de Enseñanzas Técnicas |9 22818 | ||
| 245 | |a Servicio de Extensión de Enseñanzas Técnicas : |b Editorial y Centro de Enseñanzas por Correspondencia | ||
| 260 | |a Barcelona : |b (Imp. Casa Prov. de Caritat), [s.a.] | ||
| 300 | |a 13 p., [2] f. ; |c 22 cm | ||
| 590 | |a A la part superior de la portada: Diputación Provincial de Barcelona. Escuela del Trabajo. | ||
| 650 | |a Servicio de Extensión de Enseñanzas Técnicas |9 26879 | ||
| 650 | |a Ensenyament tècnic |9 26880 | ||
| 710 | 2 | |a Escola del Treball (Barcelona, Catalunya) |9 54586 | |
| 901 | |a Arxiu | ||
| 942 | |n 1 | ||
| 952 | |0 0 |1 0 |4 0 |6 FU562 |7 1 |9 44188 |a Arxiu |b Arxiu |d 2016-12-01 |l 0 |o FU-5-62 |p 6129 |r 2016-12-01 00:00:00 |w 2016-12-01 |y ARXIU | ||
| 999 | |c 46768 |d 46768 | ||